Riconosci il Pokémon - Quiz n°201 - Statistics

Statistiche generali
  • Questo quiz è stato fatto 5 volte
  • Il punteggio medio è 9 su 10
Statistiche sulle risposte
Indizio Risposta % Corretto
Tasso di cattura 10 (3.9%)
100%
Peso 480,0 kg
100%
Altezza 5,2 m
100%
Tipo Elettro / Drago
100%
Tasso di allevamento Lento
100%
Generazione Nona
100%
Stadio evoluzione Non si evolve
100%
Abilità Paleoattivazione
100%
Sesso Sconosciuto
100%
Pokémon Furiatonante
33%
Nessun quiz corrispondente trovato
Distribuzione punteggi
Percentuale di utenti per punteggio
Percentile per numero di risposta
I tuoi punteggi nel tempo
Non hai fatto questo quiz